The members' conference (Record no. 92471)
[ view plain ]
| 000 -LEADER | |
|---|---|
| fixed length control field | 00798cam a2200277 4500 |
| 001 - CONTROL NUMBER | |
| control field | ##B2268 |
| 008 - FIXED-LENGTH DATA ELEMENTS--GENERAL INFORMATION | |
| fixed length control field | 090401t1988 xxu||||| |||| 00| 0 eng d |
| 035 ## - SYSTEM CONTROL NUMBER | |
| System control number | (Sirsi) u49031 |
| 041 0# - LANGUAGE CODE | |
| Language code of text/sound track or separate title | eng |
| 050 04 - LIBRARY OF CONGRESS CALL NUMBER | |
| Classification number | 333.335 $2 18 |
| 090 ## - LOCALLY ASSIGNED LC-TYPE CALL NUMBER (OCLC); LOCAL CALL NUMBER (RLIN) | |
| Classification number (OCLC) (R) ; Classification number, CALL (RLIN) (NR) | RICS 1988/59 A |
| 110 2# - MAIN ENTRY--CORPORATE NAME | |
| Corporate name or jurisdiction name as entry element | Royal Institution of Chartered Surveyors |
| Subordinate unit | Land Agency and Agriculture Division |
| 9 (RLIN) | 1449 |
| 245 04 - TITLE STATEMENT | |
| Title | The members' conference |
| Remainder of title | 13-15 October 1988 |
| -- | Metropole Hotel, National Exhibition Centre, Birmingham |
| 260 ## - PUBLICATION, DISTRIBUTION, ETC. | |
| Date of publication, distribution, etc. | 1988 |
| 300 ## - PHYSICAL DESCRIPTION | |
| Extent | 5 |
| Type of unit | papers |
| Dimensions | 30cm. |
| 650 ## - SUBJECT ADDED ENTRY--TOPICAL TERM | |
| Topical term or geographic name entry element | ANNUAL CONFERENCE 1988 |
| 650 ## - SUBJECT ADDED ENTRY--TOPICAL TERM | |
| Topical term or geographic name entry element | FARMING |
| 650 ## - SUBJECT ADDED ENTRY--TOPICAL TERM | |
| Topical term or geographic name entry element | MANAGEMENT |
| 700 1# - ADDED ENTRY--PERSONAL NAME | |
| Personal name | Colburn, O. H. |
| 700 1# - ADDED ENTRY--PERSONAL NAME | |
| Personal name | Day, P. J. |
| 700 1# - ADDED ENTRY--PERSONAL NAME | |
| Personal name | Pridmore, J. T. |
| 700 1# - ADDED ENTRY--PERSONAL NAME | |
| Personal name | Stansfield, J. M. |
| 700 1# - ADDED ENTRY--PERSONAL NAME | |
| Personal name | Wright, A. |
| 942 ## - ADDED ENTRY ELEMENTS (KOHA) | |
| Suppress in OPAC | 0 |
| 948 ## - LOCAL PROCESSING INFORMATION (OCLC); SERIES PART DESIGNATOR (RLIN) | |
| c (OCLC) | 04/03/1997 |
| Withdrawn status | Lost status | Source of classification or shelving scheme | Damaged status | Not for loan | Home library | Current library | Shelving location | Date acquired | Total Checkouts | Full call number | Barcode | Date last seen | Copy number | Price effective from | Koha item type |
|---|---|---|---|---|---|---|---|---|---|---|---|---|---|---|---|
| Dewey Decimal Classification | London | London | RICS Boxes | 09/01/1992 | RICS 1988/59 | 30032059 | 06/08/2019 | 1 | 06/08/2019 | Archive |